LIBRARY & INFORMATION CENTRE, KCAET, TAVANUR

ONLINE PUBLIC ACCESS CATALOGUE (OPAC)

Men and discoveries in electicity in electricity / (Record no. 2112)

MARC details
000 -LEADER
fixed length control field 00436cam a2200169ua 4500
082 ## - DEWEY DECIMAL CLASSIFICATION NUMBER
Classification number 621.31
Item number MOR/ME
100 ## - MAIN ENTRY--AUTHOR NAME
Personal name Morgan, Bryan .
245 ## - TITLE STATEMENT
Title Men and discoveries in electicity in electricity /
250 ## - EDITION STATEMENT
Edition statement 1 /
260 ## - PUBLICATION, DISTRIBUTION, ETC. (IMPRINT)
Place of publication London :
Name of publisher John Murray ,
Year of publication 1964.
300 ## - PHYSICAL DESCRIPTION
Number of Pages 188 ; .
942 ## - ADDED ENTRY ELEMENTS (KOHA)
Koha item type Books
Holdings
Withdrawn status Lost status Damaged status Home library Current library Date acquired Full call number Accession Number Koha item type
      KAUAET KAUAET 07/04/2012 621.31 9234 Books
free website counter